000 00898nam a22002297a 4500
005 20180703152943.0
010 _a1718EN-30 ENG-121828 B-688233-243
020 _c75.00
_a9788126047567
035 _aEN-105360
035 _aB-688233-243
037 _bSahitya Akadmi
_adpl
037 _bDBAD/PUB
082 _a881
100 _aBarik, Sourindra
245 _aIntimate as the sky /
_cby Sourindra Barik ; translated by Rabindra K. Swain
260 _aNew Delhi
_bSahitya Academi
_c2017
270 _bNew Delhi
_aRabindra Bhawan, 35, Fiiroz Shah Marg
_e110001
300 _a69p.
_c21cm(pbk)
700 _aSwain, Rabindra K.
942 _2ddc
_cEN
_mBAR
_h881
999 _c146213
_d146213